Landscape design : (Record no. 353781)

000 -LEADER
fixed length control field 01187cam a22003014a 4500
001 - CONTROL NUMBER
control field 12254183
003 - CONTROL NUMBER IDENTIFIER
control field OSt
005 - DATE AND TIME OF LATEST TRANSACTION
control field 20180116192417.0
008 - FIXED-LENGTH DATA ELEMENTS--GENERAL INFORMATION
fixed length control field 001211s2001 nyuab b 001 0 eng
010 ## - LIBRARY OF CONGRESS CONTROL NUMBER
LC control number 00048480
020 ## - INTERNATIONAL STANDARD BOOK NUMBER
International Standard Book Number 0810942534
040 ## - CATALOGING SOURCE
Original cataloging agency DLC
Transcribing agency DLC
Modifying agency DLC
042 ## - AUTHENTICATION CODE
Authentication code pcc
050 00 - LIBRARY OF CONGRESS CALL NUMBER
Classification number SB470.5
Item number .R64 2001
082 00 - DEWEY DECIMAL CLASSIFICATION NUMBER
Classification number 712.09
Edition number 21
100 1# - MAIN ENTRY--PERSONAL NAME
Personal name Rogers, Elizabeth Barlow,
Dates associated with a name 1936-
9 (RLIN) 6890
245 10 - TITLE STATEMENT
Title Landscape design :
Remainder of title a cultural and architectural history /
Statement of responsibility, etc. Elizabeth Barlow Rogers.
260 ## - PUBLICATION, DISTRIBUTION, ETC.
Place of publication, distribution, etc. New York :
Name of publisher, distributor, etc. Harry N. Abrams,
Date of publication, distribution, etc. 2001.
300 ## - PHYSICAL DESCRIPTION
Extent 544 p. :
Other physical details ill. (some col.), maps ;
Dimensions 30 cm.
504 ## - BIBLIOGRAPHY, ETC. NOTE
Bibliography, etc. note Includes bibliographical references (p. 520-533).
650 #0 - SUBJECT ADDED ENTRY--TOPICAL TERM
Topical term or geographic name entry element Landscape architecture
General subdivision History.
9 (RLIN) 6891
650 #0 - SUBJECT ADDED ENTRY--TOPICAL TERM
Topical term or geographic name entry element Landscape design
General subdivision History.
9 (RLIN) 6892
856 41 - ELECTRONIC LOCATION AND ACCESS
Materials specified Table of contents
Uniform Resource Identifier <a href="http://www.loc.gov/catdir/toc/fy031/00048480.html">http://www.loc.gov/catdir/toc/fy031/00048480.html</a>
906 ## - LOCAL DATA ELEMENT F, LDF (RLIN)
a 7
b cbc
c orignew
d 1
e ocip
f 20
g y-gencatlg
942 ## - ADDED ENTRY ELEMENTS (KOHA)
Source of classification or shelving scheme
Koha item type Book
Holdings
Withdrawn status Lost status Source of classification or shelving scheme Damaged status Not for loan Permanent Location Current Location Date acquired Total Checkouts Total Renewals Full call number Barcode Date last seen Date last checked out Cost, replacement price Price effective from Koha item type
          School of Art Design and Architecture (SADA) School of Art Design and Architecture (SADA) 06/20/2013 3 1 712.09 ROG 2001 SADA0002065 08/08/2016 08/08/2016 6925.32 08/05/2013 Book
© 2023 Central Library, National University of Sciences and Technology. All Rights Reserved.